| 000 | 01159cam a2200313 i 4500 | ||
|---|---|---|---|
| 999 |
_c200130674 _d30591 |
||
| 001 | 200130674 | ||
| 003 | TR-AnTOB | ||
| 005 | 20231214093415.0 | ||
| 007 | ta | ||
| 008 | 131011s2012 tu a tur d | ||
| 020 | _a9789944609944 (basılı) | ||
| 020 | _z9789944609920 (elektronik) | ||
| 040 |
_aTR-AnTOB _beng _erda _cTR-AnTOB |
||
| 041 | 0 |
_atur _aeng _aara |
|
| 050 |
_aSB466.T82 _bİ87 2012 |
||
| 090 |
_aSB466.7.T82 _bİ87 2012 |
||
| 245 | 0 | 0 |
_aİstanbul’un rengi : _berguvan bir mevsimlik misafir = The colour of Istanbul _bjudas tree a guest for a season / _cmetin Abidin Parıltı ; çeviren Ahmet Çakır |
| 264 | 1 |
_aİstanbul: _bİstanbul Ticaret Odası, _c2012 |
|
| 300 |
_a155 pages : _billustrations; _c30x30 cm _e1 CD-ROM (4 3/4 in.) |
||
| 336 |
_atext _btxt _2rdacontent |
||
| 337 |
_aunmediated _bn _2rdamedia |
||
| 338 |
_avolume _bnc _2rdacarrier |
||
| 490 | 0 |
_aİstanbul' a Yönelik Araştırmalar Yayın ; _vno.2011-28 |
|
| 650 | 0 | 7 |
_aErguvan _2etuturkob _993542 |
| 650 | 7 |
_aBahçeler _zTürkiye _zİstanbul _2etuturkob _990513 |
|
| 710 | 2 |
_aİstanbul Ticaret Odası _919571 |
|
| 942 |
_cBK _2lcc |
||